000 00684nam a2200181Ia 4500
008 100917s9999 xx 000 0 und d
082 _b38217
100 _aचट्टोपाध्याय बकिंमचंद्र
245 _aध्येयवादी विचारसरणींचे युग
260 _bमॅजेस्टिक प्रकाशन
_c1968
300 _a136
365 _b5
520 _aनिबंध
630 _aध्येयवादी विचारसरणींचे युग
650 _aनिबंध
730 _aध्येयवादी विचारसरणींचे युग
942 _cBOOK
999 _c643611
_d643608